Чтения в Обществе любителей русской словесности в память А. С. Пушкина при Казанском университете... 1902. 17: Н. К. Михайловский и его труды (Запись № 5781390)

Подробности
000 -МАРКЕР
контрольное поле 01844nam2a2200301 4500
001 - ИДЕНТИФИКАТОР ЗАПИСИ
контрольное поле v19\rc\1749816
005 - ИДЕНТИФИКАТОР ВЕРСИИ
контрольное поле 20260406080129.0
035 ## - ДРУГИЕ СИСТЕМНЫЕ НОМЕРА
Идентификатор записи (NLR Aleph) 005248729
100 ## - ДАННЫЕ ОБЩЕЙ ОБРАБОТКИ
Данные общей обработки 20061204d1902 |||y0rusy50 ca
101 0# - ЯЗЫК РЕСУРСА
Язык текста, звукозаписи и т.д. русский
102 ## - СТРАНА ПУБЛИКАЦИИ ИЛИ ПРОИЗВОДСТВА
Страна публикации Российская Федерация
105 ## - ПОЛЕ КОДИРОВАННЫХ ДАННЫХ: ТЕКСТОВЫЕ МАТЕРИАЛЫ, МОНОГРАФИЧЕСКИЕ
Кодированные данные о монографическом текстовом документе y z |||||
200 1# - ЗАГЛАВИЕ И СВЕДЕНИЯ ОБ ОТВЕТСТВЕННОСТИ
Основное заглавие Н. К. Михайловский и его труды
Сведения, относящиеся к заглавию (по поводу 40-летия его литератур. деятельности)
Первые сведения об ответственности [соч.] Н. В. Рейнгардта
210 ## - ПУБЛИКАЦИЯ, РАСПРОСТРАНЕНИЕ И ДР.
Дата издания, распространения и т.д. 1902
Место издания, распространения и т.д. Б. м.
215 ## - ФИЗИЧЕСКАЯ ХАРАКТЕРИСТИКА
Специфическое обозначение материала и объем 28 с.
461 #0 - УРОВЕНЬ НАБОРА
Встроенное поле 001v19\rc\1316798
-- 2001#$aЧтения в Обществе любителей русской словесности в память А. С. Пушкина при Казанском университете$v1902. 17
Системный номер (АБИС) связанной записи 4568133
Автор Общество любителей русской словесности в память А. С. Пушкина (Казань)
Место публикации Казань
Дата публикации 1900-1904
Имя издателя, распространителя и т.д. Типо-лит. Имп. ун-та
Заглавие Чтения в Обществе любителей русской словесности в память А. С. Пушкина при Казанском университете...
Номер тома 1902. 17
532 10 - РАСШИРЕННОЕ ЗАГЛАВИЕ
Заглавие Николай Константинович Михайловский и его труды
701 #1 - ИМЯ ЛИЦА - АЛЬТЕРНАТИВНАЯ ОТВЕТСТВЕННОСТЬ
Материалы, к которым относится поле rus
Графика поля Кириллица
Начальный элемент ввода Рейнгардт
Часть имени, кроме начального элемента ввода Н. В.
Даты 1842-
Расширение инициалов личного имени Николай Викторович
Идентификатор авторитетной/нормативной записи RU\NLR\AUTH\7786669
Системный номер авторитетной/нормативной записи 69597
702 #1 - ИМЯ ЛИЦА - ВТОРИЧНАЯ ОТВЕТСТВЕННОСТЬ
Код отношения Объект посвящения
Материалы, к которым относится поле rus
Графика поля Кириллица
Начальный элемент ввода Михайловский
Часть имени, кроме начального элемента ввода Н. К.
Даты 1842-1904
Дополнения к именам, кроме дат социолог
Расширение инициалов личного имени Николай Константинович
Идентификатор авторитетной/нормативной записи RU\NLR\AUTH\7741115
Системный номер авторитетной/нормативной записи 24065
801 #0 - ИСТОЧНИК ЗАПИСИ
Страна Российская Федерация
Организация NLR
Дата составления 20061204
Правила каталогизации psbo
801 #0 - ИСТОЧНИК ЗАПИСИ
Страна Российская Федерация
Организация RuMoRGB
Дата составления 20061204
Источник данных psbo
801 #1 - ИСТОЧНИК ЗАПИСИ
Страна Российская Федерация
Организация ProSoft-M
Дата составления 20061204
Источник данных rusmarc
801 #2 - ИСТОЧНИК ЗАПИСИ
Страна Российская Федерация
Организация NLR
Дата составления 20100428
Источник данных rusmarc
852 ## - МЕСТОНАХОЖДЕНИЕ И ШИФР ХРАНЕНИЯ
Идентификатор организации NLR
Шифр хранения (Call Number) 18.334.1.227
942 ## - ДОПОЛНИТЕЛЬНЫЕ ЭЛЕМЕНТЫ ЗАПИСИ (АБИС)
Тип экземпляра АБИС Книга
980 ## - КОЛЛЕКЦИЯ
Название коллекции Национальная библиография
Экземпляры
Тип экземпляра Дата поступления Библиотека постоянного хранения Библиотека текущего хранения Место хранения Шифр хранения Штрих-код Статус экземпляра
Книга 26.10.2013 РНБ (Садовая) РНБ (Садовая) Русский книжный фонд -Главное здание, Ленинский читальный зал 18.334.1.227 5248729-10